书目信息 |
| 题名: |
中国群众体育发展报告
|
|
| 作者: | 刘国永 , 杨桦 主编 | |
| 分册: | 2016 | |
| 出版信息: | 北京 社会科学文献出版社 2017.05 |
|
| 页数: | 407页 | |
| 开本: | 26cm | |
| 丛书名: | 皮书系列 | |
| 单 册: | ||
| 中图分类: | G812.4 | |
| 科图分类: | ||
| 主题词: | 群众体育--研究报告--中国--2016 | |
| 电子资源: | ||
| ISBN: | 978-7-5201-0401-2 | |
| 000 | 01401oam2 2200325 450 | |
| 001 | 0120172198600 | |
| 005 | 20180906144628.65 | |
| 010 | @a978-7-5201-0401-2@dCNY98.00(含皮书) | |
| 100 | @a20170518d2017 em y0chiy50 ea | |
| 101 | 0 | @achi |
| 102 | @aCN@b110000 | |
| 105 | @aak z 000yy | |
| 106 | @ar | |
| 200 | 1 | @a中国群众体育发展报告@9zhong guo qun zhong ti yu fa zhan bao gao@h2016@dAnnual report on development of sport for all in China@h2016@f刘国永,杨桦主编@zeng |
| 210 | @a北京@c社会科学文献出版社@d2017.05 | |
| 215 | @a407页@c图@d26cm@e1皮书(33页;22cm) | |
| 225 | 2 | @a皮书系列 |
| 300 | @a群众体育蓝皮书 2016版 “十二五”“十三五”国家重点图书出版规划项目 | |
| 307 | @a附《2017年皮书系列》 | |
| 330 | @a本书以各地实施《全民健身计划(2011-2015年)》的典型案例为主要内容,采取案例解析的方式,对各地在开展全民健身工作中的服务创新、设施建设、健身指导、信息服务等方面的特色做法进行了深入分析,力求更好地发挥这些做法和案例的示范引领作用等。 | |
| 333 | @a体育发展研究人员 | |
| 461 | 0 | @12001 @a皮书系列 |
| 510 | 1 | @aAnnual report on development of sport for all in China@h2016@zeng |
| 516 | 1 | @a2016群众体育蓝皮书@92016 qun zhong ti yu lan pi shu |
| 606 | 0 | @a群众体育@x研究报告@y中国@z2016 |
| 690 | @aG812.4@v5 | |
| 701 | 0 | @a刘国永@9liu guo yong@4主编 |
| 701 | 0 | @a杨桦@9yang hua@4主编 |
| 801 | 0 | @aCN@b人天书店@c20170518 |
| 905 | @b1088319-23@dG812.4@e106(2016)@f5 | |
| 中国群众体育发展报告.2016=Annual report on development of sport for all in China.2016/刘国永,杨桦主编.-北京:社会科学文献出版社,2017.05 |
| 407页:图;26cm+1皮书(33页;22cm).-(皮书系列) |
| 群众体育蓝皮书 2016版 “十二五”“十三五”国家重点图书出版规划项目.-使用对象:体育发展研究人员 |
| ISBN 978-7-5201-0401-2:CNY98.00(含皮书) |
| 本书以各地实施《全民健身计划(2011-2015年)》的典型案例为主要内容,采取案例解析的方式,对各地在开展全民健身工作中的服务创新、设施建设、健身指导、信息服务等方面的特色做法进行了深入分析,力求更好地发挥这些做法和案例的示范引领作用等。 |
| ● |
| 相关链接 |
|
|
|
|
正题名:中国群众体育发展报告
索取号:G812.4/106(2016)
 
预约/预借
| 序号 | 登录号 | 条形码 | 馆藏地/架位号 | 状态 | 备注 |
| 1 | 1088319 | 210883196 | 第一样本阅览室/ [索取号:G812.4/106(2016)] | 在馆 | |
| 2 | 1088320 | 210883203 | 教育系资料室/ [索取号:G812.4/106(2016)] | 在馆 | |
| 3 | 1088321 | 210883212 | 教育系资料室/ [索取号:G812.4/106(2016)] | 在馆 | |
| 4 | 1088322 | 210883221 | 第四借阅区/ [索取号:G812.4/106(2016)] | 在馆 | |
| 5 | 1088323 | 210883230 | 密集书库-体育系/ [索取号:G812.4/106(2016)] | 在馆 |